000 00218nam a22000857a 4500
008 161213b xxu||||| |||| 00| 0 eng d
100 _92017
_aShankaran.R.
245 _aEnglish Honey Suckle-WB
260 _aNew Delhi
_bAPC
_c2009
999 _c4884
_d4884